Riadenie úverového rizika v podniku diplomová práca

Gespeichert in:
Bibliographische Detailangaben
1. Verfasser: Sabo, Matúš
Körperschaft: Podnikovohospodárska fakulta EU so sídlom v Košiciach. Katedra kvantitatívnych metód
Weitere Verfasser: Verner, Robert, 1986-
Format: Buch
Sprache:Slowakisch
Veröffentlicht: Košice 2021
Tags: Tag hinzufügen
Keine Tags, Fügen Sie das erste Tag hinzu!

MARC

LEADER 00000nbm a2200000 4500
001 0274126
005 20220401112214.4
041 0 |a slo 
044 |a SK 
245 1 0 |a Riadenie úverového rizika v podniku  |b diplomová práca  |c Matúš Sabo ; školiteľ: Robert Verner 
264 1 |a Košice  |c 2021 
300 |a 102 s. 
100 1 |a Sabo, Matúš 
700 1 |a Verner, Robert, 1986- 
710 2 |a Podnikovohospodárska fakulta EU so sídlom v Košiciach. Katedra kvantitatívnych metód